00351nam a22001097a 4500008004100000040005500041080001900096100001400115245005900129260004200188300001100230230620b |||||||| |||| 00| 0 eng d aNational Science LibrarycNational Science Library a624.012.45bK5 aRao, K L  aCalculation design and testing of reinforced concrete  aLondon: bCharotar Book Stall, c1965 a592p.